Statistics for Top 50 NBA Fantasy Players 2016-2017

Click here to take the quiz!

General Stats

  • This quiz has been taken 42 times
    (28 since last reset)
  • The average score is 30 of 50

Answer Stats

HintAnswer% Correct
17Kevin Durant
100%
4LeBron James
100%
1Russell Westbrook
100%
2James Harden
96%
7Stephen Curry
96%
3Anthony Davis
91%
13Kawhi Leonard
91%
15Kyrie Irving
91%
24Klay Thompson
87%
19Paul George
83%
36Chris Paul
78%
11Damian Lillard
78%
9DeMarcus Cousins
78%
10Isaiah Thomas
78%
12Jimmy Butler
78%
5Karl-Anthony Towns
78%
44Blake Griffin
70%
18CJ McCollum
70%
33DeAndre Jordan
70%
37Draymond Green
70%
6Giannis Antetokounmpo
70%
8John Wall
70%
39Andre Drummond
65%
16DeMar Derozan
65%
21Bradley Beal
61%
30Carmelo Anthony
61%
32Kyle Lowry
61%
28Nikola Jokic
61%
27Andrew Wiggins
57%
14Kemba Walker
57%
43Paul Millsap
57%
20Rudy Gobert
52%
38Devin Booker
48%
25Gordon Hayward
48%
23Marc Gasol
48%
29Mike Conley
48%
34Goran Dragic
39%
47Nikola Vucevic
39%
22Hassan Whiteside
35%
48Lou Williams
35%
42Myles Turner
35%
26Jeff Teague
30%
35Eric Bledsoe
26%
31Brook Lopez
22%
40Dennis Schroder
22%
45Harrison Barnes
22%
41Nicolas Batum
22%
45Otto Porter Jr.
22%
49Serge Ibaka
22%
50Elfrid Payton
9%

Score Distribution

Percentile by Number Answered

Percent of People with Each Score

Your Score History

You have not taken this quiz since the last reset